[Event "Olimpiade 2024 - Donne"]
[Site "Budapest"]
[Date "15.09.2024"]
[Round "5.12"]
[Board "2"]
[White "Houska, Jovanka"]
[Black "Aliaga Fernandez, Ingrid Y"]
[Result "1-0"]
[WhiteTitle "IM"]
[BlackTitle "WIM"]
[WhiteElo "2333"]
[BlackElo "2111"]
[WhiteTeam "England"]
[BlackTeam "Peru"]
[WhiteFideId "405094"]
[BlackFideId "3802191"]
[EventDate "2024.09.11"]

1. d4 d5 2. c4 dxc4 3. Nf3 Nf6 4. e3 e6 5. Bxc4 c5 6. O-O a6 7. Nbd2 Nc6 8. dxc5
Bxc5 9. a3 O-O 10. b4 Bd6 11. Bb2 b5 12. Be2 Bb7 13. Qb1 Qe7 14. Rd1 Rfd8 15.
Nf1 Rac8 16. Ng3 Bb8 17. Rxd8+ Rxd8 18. Qc2 h6 19. Rc1 Na7 20. Ne5 Rc8 21. Qb1
Rxc1+ 22. Qxc1 Qc7 23. Qa1 Ne8 24. Bh5 g6 25. Bd1 Nc6 26. Nd3 Qe7 27. Nc5 e5 28.
Nxb7 Qxb7 29. Bf3 Qc7 30. Ne4 Ba7 31. Qc1 Kf8 32. Nc5 Ne7 33. Bxe5 Qc8 34. Bb7
Qf5 35. e4 Qh5 36. Nd7+ Kg8 37. Nf6+ Nxf6 38. Bxf6 Qe2 39. Bxe7 Bxf2+ 40. Kh1
Be1 41. Bc5 Bd2 42. Qb1 h5 43. Bxa6 h4 44. h3 g5 45. Bc8 Bf4 46. Bg4 Qd2 47. Qd1 1-0

[Event "Olimpiade 2024 - Donne"]
[Site "Budapest"]
[Date "15.09.2024"]
[Round "5.12"]
[Board "3"]
[White "Contreras Huaman, Fiorella"]
[Black "Toma, Katarzyna"]
[Result "1-0"]
[WhiteTitle "WIM"]
[BlackTitle "WGM"]
[WhiteElo "2168"]
[BlackElo "2184"]
[WhiteTeam "Peru"]
[BlackTeam "England"]
[WhiteFideId "3824675"]
[BlackFideId "1119907"]
[EventDate "2024.09.11"]

1. e4 c5 2. Nc3 a6 3. g3 b5 4. Bg2 Bb7 5. d3 e6 6. Nh3 Be7 7. O-O Nc6 8. f4 Qc7
9. e5 f5 10. exf6 Nxf6 11. Ne4 O-O 12. c3 Rae8 13. Be3 Nd8 14. Nhg5 Nxe4 15.
Nxe4 Nf7 16. d4 c4 17. Qh5 g6 18. Qh3 Bd5 19. Rae1 Qc6 20. Bd2 a5 21. g4 Nd6 22.
Nc5 Nc8 23. Ne4 Nb6 24. f5 exf5 25. gxf5 Rxf5 26. Rxf5 gxf5 27. Qxf5 Rf8 28.
Qg4+ Qg6 29. Qxg6+ hxg6 30. Nc5 Bh4 31. Bxd5+ Nxd5 32. Re4 d6 33. Nb7 Be7 34.
Nxa5 Ra8 35. Nc6 Bf8 36. a3 Rc8 37. Nb4 Nf6 38. Re2 Kf7 39. Bg5 d5 40. Rf2 Bxb4
41. Rxf6+ 1-0

[Event "Olimpiade 2024 - Donne"]
[Site "Budapest"]
[Date "15.09.2024"]
[Round "5.12"]
[Board "4"]
[White "Sivanandan, Bodhana"]
[Black "Garcia Andrada, Heidy Nicole"]
[Result "0-1"]
[WhiteTitle "WFM"]
[BlackTitle "WIM"]
[WhiteElo "2196"]
[BlackElo "2003"]
[WhiteTeam "England"]
[BlackTeam "Peru"]
[WhiteFideId "497592"]
[BlackFideId "3831779"]
[EventDate "2024.09.11"]

1. e4 c5 2. Nf3 a6 3. c3 d5 4. exd5 Qxd5 5. d4 e6 6. Be3 cxd4 7. Qxd4 Nf6 8. Bc4
Qxd4 9. Bxd4 Nc6 10. Nbd2 Be7 11. O-O O-O 12. Rad1 b5 13. Bb3 Bb7 14. Rfe1 Nxd4
15. Nxd4 Bd5 16. Bxd5 Nxd5 17. N2f3 Rfe8 18. Kf1 Rac8 19. g3 g6 20. Re2 Bf6 21.
Ne5 h5 22. h4 Re7 23. Nc2 Rec7 24. Nd3 a5 25. Ne3 Nb6 26. Red2 Kg7 27. Nc1 b4
28. Ne2 bxc3 29. bxc3 Na4 30. Rd7 Nxc3 31. Nxc3 Rxd7 32. Rxd7 Rxc3 33. Ke2 g5 0-1

[Event "Olimpiade 2024 - Donne"]
[Site "Budapest"]
[Date "15.09.2024"]
[Round "5.13"]
[Board "1"]
[White "Roebers, Eline"]
[Black "Medic, Mirjana"]
[Result "1/2-1/2"]
[WhiteTitle "IM"]
[BlackTitle "WGM"]
[WhiteElo "2340"]
[BlackElo "2101"]
[WhiteTeam "Netherlands"]
[BlackTeam "Croatia"]
[WhiteFideId "1058401"]
[BlackFideId "14501619"]
[EventDate "2024.09.11"]

1. e4 e6 2. d4 d5 3. Nc3 Nf6 4. Bg5 dxe4 5. Nxe4 Nbd7 6. Nxf6+ Nxf6 7. Nf3 Be7
8. Bd3 c5 9. dxc5 Qa5+ 10. c3 Qxc5 11. Qe2 O-O 12. O-O-O Rd8 13. h4 Bd7 14. h5
h6 15. Be3 Qa5 16. Kb1 e5 17. Nd2 Be6 18. Bc4 Bxc4 19. Nxc4 Qb5 20. Rxd8+ Rxd8
21. Re1 b6 22. Bc1 e4 23. Nd2 Qxh5 24. Qxh5 Nxh5 25. Nxe4 Nf6 26. Ng3 Bc5 27.
Re2 Re8 28. Rxe8+ Nxe8 29. Ne4 Be7 30. Kc2 g5 31. Kd3 f5 32. Nd2 Kf7 33. Nf3 Bc5
34. Ke2 a5 35. Bd2 b5 36. c4 b4 37. Ne5+ Ke6 38. Nc6 Bb6 39. Be3 Bc7 40. Kd3 Nf6
41. Nd4+ Ke5 42. Nb5 Bd8 43. Bd4+ Ke6 44. Bxf6 Bxf6 45. Nd4+ Ke5 46. b3 h5 47.
Ne2 g4 48. f4+ Ke6 49. g3 Kd6 50. Nd4 Bxd4 51. Kxd4 Ke6 52. Ke3 Kd6 53. Kd4 1/2-1/2

[Event "Olimpiade 2024 - Donne"]
[Site "Budapest"]
[Date "15.09.2024"]
[Round "5.13"]
[Board "2"]
[White "Berke, Ana"]
[Black "Peng, Zhaoqin"]
[Result "1/2-1/2"]
[WhiteTitle "WIM"]
[BlackTitle "GM"]
[WhiteElo "2093"]
[BlackElo "2349"]
[WhiteTeam "Croatia"]
[BlackTeam "Netherlands"]
[WhiteFideId "14510359"]
[BlackFideId "1004786"]
[EventDate "2024.09.11"]

1. e4 e6 2. d4 d5 3. Nd2 c5 4. Ngf3 Nf6 5. e5 Nfd7 6. c3 Nc6 7. Bd3 Be7 8. O-O
a6 9. Re1 g5 10. dxc5 Nxc5 11. Nb3 Nxd3 12. Qxd3 Bd7 13. Bd2 h6 14. Rac1 b5 15.
h3 Qc7 16. Nbd4 Kf8 17. b3 Kg7 18. Nxc6 Qxc6 19. Nd4 Qc8 20. f4 gxf4 21. Rf1 Qg8
22. Rxf4 Qh7 23. Qg3+ Kf8 24. Rcf1 Ke8 25. Rxf7 Qxf7 26. Rxf7 Kxf7 27. Qf3+ Kg7
28. Qg4+ Kf7 29. Qh5+ Kg7 30. Qg4+ Kf7 31. Qh5+ Kg7 32. Qg4+ 1/2-1/2

[Event "Olimpiade 2024 - Donne"]
[Site "Budapest"]
[Date "15.09.2024"]
[Round "5.13"]
[Board "3"]
[White "Van Foreest, Machteld"]
[Black "Ivekovic, Tihana"]
[Result "1-0"]
[WhiteTitle "FM"]
[BlackTitle "WFM"]
[WhiteElo "2224"]
[BlackElo "2143"]
[WhiteTeam "Netherlands"]
[BlackTeam "Croatia"]
[WhiteFideId "1051563"]
[BlackFideId "14517825"]
[EventDate "2024.09.11"]

1. e4 e5 2. Nf3 Nc6 3. Bc4 Nf6 4. d3 Bc5 5. c3 d6 6. Nbd2 a6 7. Bb3 Ba7 8. Nf1
Ne7 9. Ng3 O-O 10. Bg5 Ng6 11. Nh5 Be6 12. h3 Re8 13. Qd2 Kh8 14. Nh2 Bxb3 15.
axb3 Re6 16. Ng4 Qe7 17. Qe2 Nf4 18. Nxf4 exf4 19. O-O d5 20. Qf3 dxe4 21. dxe4
Qc5 22. Bxf6 gxf6 23. Qxf4 Qe7 24. Rfe1 Rg8 25. Rad1 Rg5 26. Nh6 Ree5 27. h4 Rg6
28. Rd8+ 1-0

[Event "Olimpiade 2024 - Donne"]
[Site "Budapest"]
[Date "15.09.2024"]
[Round "5.13"]
[Board "4"]
[White "Vujnovic, Patricija"]
[Black "Bensdorp-De Labaca, Marlies"]
[Result "1/2-1/2"]
[WhiteTitle "WFM"]
[BlackTitle "WIM"]
[WhiteElo "2134"]
[BlackElo "2241"]
[WhiteTeam "Croatia"]
[BlackTeam "Netherlands"]
[WhiteFideId "14502313"]
[BlackFideId "1009311"]
[EventDate "2024.09.11"]

1. e4 c6 2. Nf3 d5 3. Nc3 dxe4 4. Nxe4 Nf6 5. Qe2 Nxe4 6. Qxe4 Nd7 7. Bc4 Nf6 8.
Ne5 e6 9. Qe2 Be7 10. O-O O-O 11. a4 c5 12. Ra3 Qc7 13. Rh3 Bd6 14. f4 b6 15. b3
Bb7 16. Bb2 Rfe8 17. Bd3 h6 18. Ng4 Nxg4 19. Qxg4 f5 20. Qg6 Qf7 21. Rxh6 Qxg6
22. Rxg6 Bf8 23. h4 Kf7 24. h5 Rad8 25. Bc3 Rxd3 26. cxd3 Rd8 27. Rg3 Ba6 28.
Rff3 Bb7 29. Rf1 Ba6 30. Rc1 Bxd3 31. Be5 Be2 32. d4 Bxh5 33. dxc5 Bxc5+ 34.
Rxc5 bxc5 35. Rxg7+ Ke8 36. Rxa7 Rd1+ 37. Kh2 Rb1 38. Bd6 Rxb3 39. Bxc5 Rc3 40.
Bd6 Rc6 41. Bc7 Be2 42. a5 Ra6 43. Rb7 Kd7 44. Bb6+ Kc6 45. Rb8 Bc4 46. Rc8+ Kb5
47. Kg3 Bd5 48. Kf2 Ra8 49. Rc7 Rb8 50. g3 Rb7 51. Rc5+ Ka6 52. Ke3 Rg7 53. Kf2 1/2-1/2

[Event "Olimpiade 2024 - Donne"]
[Site "Budapest"]
[Date "15.09.2024"]
[Round "5.14"]
[Board "1"]
[White "Injac, Teodora"]
[Black "Movsesian, Julia"]
[Result "1-0"]
[WhiteTitle "IM"]
[BlackTitle "WGM"]
[WhiteElo "2425"]
[BlackElo "2198"]
[WhiteTeam "Serbia"]
[BlackTeam "Czech Republic"]
[WhiteFideId "932400"]
[BlackFideId "4139690"]
[EventDate "2024.09.11"]

1. c4 e6 2. Nf3 Nf6 3. g3 d5 4. Bg2 d4 5. d3 c5 6. e4 Nc6 7. e5 Nd7 8. Bf4 Be7
9. h4 f6 10. exf6 Nxf6 11. Nbd2 O-O 12. O-O h6 13. Ne5 Nxe5 14. Bxe5 Nd7 15. Qe2
Nxe5 16. Qxe5 Bd6 17. Qe2 Qb6 18. Nf3 Bd7 19. Ne5 Bxe5 20. Qxe5 Rf6 21. Rae1
Raf8 22. Re2 Bc6 23. Be4 Bxe4 24. Qxe4 Qc7 25. Kg2 Qf7 26. f4 b6 27. a3 Qh5 28.
Qf3 Qg6 29. h5 Qf7 30. Re5 Rf5 31. Rfe1 Rxe5 32. Rxe5 Qd7 33. Qe4 Rf6 34. b4
cxb4 35. axb4 Qa4 36. b5 Qc2+ 37. Qe2 Qxe2+ 38. Rxe2 Kf7 39. Ra2 e5 40. Rxa7+
Ke6 41. fxe5 1-0

[Event "Olimpiade 2024 - Donne"]
[Site "Budapest"]
[Date "15.09.2024"]
[Round "5.14"]
[Board "2"]
[White "Kanakova, Natalie"]
[Black "Gajcin, Marina"]
[Result "0-1"]
[WhiteTitle "WIM"]
[BlackTitle "WGM"]
[WhiteElo "2145"]
[BlackElo "2253"]
[WhiteTeam "Czech Republic"]
[BlackTeam "Serbia"]
[WhiteFideId "350486"]
[BlackFideId "949086"]
[EventDate "2024.09.11"]

1. e4 c5 2. Nf3 Nc6 3. d4 cxd4 4. Nxd4 Nf6 5. Nc3 e5 6. Ndb5 d6 7. Bg5 a6 8. Na3
b5 9. Nd5 Be7 10. Bxf6 Bxf6 11. c4 b4 12. Nc2 a5 13. Qf3 Be7 14. Rd1 Bd7 15.
Nxe7 Qxe7 16. Qd3 a4 17. Be2 Rb8 18. b3 Na5 19. O-O Be6 20. bxa4 Bxc4 21. Qd2
Bxe2 22. Qxe2 O-O 23. Ne3 Rfd8 24. Nf5 Qe6 25. Rd5 Nb7 26. a5 g6 27. Ne3 Nc5 28.
Nc4 Na4 29. Qd3 Nc3 30. Rxd6 Rxd6 31. Qxd6 Qxd6 32. Nxd6 Nxa2 33. Ra1 b3 34. Nc4
Rc8 35. Nb2 Rc5 36. a6 Ra5 37. Nc4 Rxa6 38. g3 Ra4 39. Nd2 b2 40. Rb1 Rb4 41.
Re1 Nc1 42. Nb1 Ra4 43. f4 Ra1 44. Nd2 Ne2+ 45. Kf2 Nc3 0-1

[Event "Olimpiade 2024 - Donne"]
[Site "Budapest"]
[Date "15.09.2024"]
[Round "5.14"]
[Board "3"]
[White "Mandura, Tijana"]
[Black "Korenova, Martina"]
[Result "1/2-1/2"]
[WhiteTitle "WGM"]
[BlackTitle "WIM"]
[WhiteElo "2207"]
[BlackElo "2104"]
[WhiteTeam "Serbia"]
[BlackTeam "Czech Republic"]
[WhiteFideId "16500270"]
[BlackFideId "302805"]
[EventDate "2024.09.11"]

1. e4 d6 2. d4 Nf6 3. Nc3 g6 4. Nf3 Bg7 5. Be2 O-O 6. O-O c6 7. a4 Nbd7 8. a5
Qc7 9. h3 e5 10. dxe5 dxe5 11. Be3 Rd8 12. Qb1 Nf8 13. Bc4 Be6 14. Qa2 b5 15.
Bxe6 Nxe6 16. b4 Nd4 17. Rfd1 Nh5 18. Ne1 Nf4 19. Kh2 Qe7 20. Qb2 Rd7 21. g3
Nfe6 22. Na2 Rad8 23. c3 Nf3+ 24. Nxf3 Rxd1 25. Rxd1 Rxd1 26. Bd2 Qd7 27. Nc1 c5
28. Qc2 cxb4 29. cxb4 Rxd2 30. Qxd2 Qxd2 31. Nxd2 Bf8 32. Nd3 Nd4 33. Nb1 Nc6
34. Nc3 Nxb4 35. Nxb4 Bxb4 36. Nxb5 Bxa5 37. Nxa7 Bb6 38. Nc6 Bxf2 39. Nxe5 Kg7
40. Kg2 Bd4 41. Nd3 Kf6 42. Kf3 Ke6 43. Kf4 1/2-1/2

[Event "Olimpiade 2024 - Donne"]
[Site "Budapest"]
[Date "15.09.2024"]
[Round "5.14"]
[Board "4"]
[White "Novosadova, Kristyna"]
[Black "Eric, Jovana"]
[Result "0-1"]
[WhiteTitle "WIM"]
[BlackTitle "WGM"]
[WhiteElo "2066"]
[BlackElo "2162"]
[WhiteTeam "Czech Republic"]
[BlackTeam "Serbia"]
[WhiteFideId "328065"]
[BlackFideId "938238"]
[EventDate "2024.09.11"]

1. e4 c5 2. Nf3 d6 3. d4 cxd4 4. Nxd4 Nf6 5. Nc3 a6 6. Bc4 e6 7. Bb3 b5 8. Bg5
Be7 9. Qf3 Qb6 10. O-O-O O-O 11. Qg3 b4 12. Na4 Qc7 13. Rhe1 Bd7 14. e5 dxe5 15.
Nf3 Nc6 16. Bh6 Ne8 17. Rxd7 Qxd7 18. Nb6 Qb7 19. Nxa8 Qxa8 20. Ba4 Kh8 21. Bxc6
Qxc6 22. Nxe5 Qa4 23. Be3 f6 24. Qh4 g5 25. Qh6 fxe5 26. Qxe6 Bf6 27. Bc5 Rg8
28. Re4 Qb5 29. Bxb4 Qf1+ 30. Re1 Qxf2 31. Qxa6 Qxg2 32. a4 Bg7 33. Qb6 Nf6 34.
a5 Qxh2 35. Qc6 Qf4+ 36. Bd2 Qf5 37. a6 Rc8 38. Qa4 Nd7 39. b4 Nb6 40. Qa2 e4
41. a7 Bd4 42. Qa5 Qe6 43. Be3 Bb2+ 44. Kb1 Qc4 45. Kxb2 Qxc2+ 46. Ka1 Qc3+ 47.
Ka2 Nc4 0-1

[Event "Olimpiade 2024 - Donne"]
[Site "Budapest"]
[Date "15.09.2024"]
[Round "5.15"]
[Board "1"]
[White "Zherebtsova, Alexandra"]
[Black "Pham, Le Thao Nguyen"]
[Result "1-0"]
[WhiteTitle "FM"]
[BlackTitle "IM"]
[WhiteElo "2239"]
[BlackElo "2380"]
[WhiteTeam "Montenegro"]
[BlackTeam "Vietnam"]
[WhiteFideId "24129518"]
[BlackFideId "12401226"]
[EventDate "2024.09.11"]

1. e4 c6 2. d4 d5 3. e5 Bf5 4. h4 h5 5. Bd3 Bxd3 6. Qxd3 Qa5+ 7. Nd2 e6 8. Ne2
Qa6 9. c4 Ne7 10. b3 Nd7 11. O-O Nf5 12. Nf3 Nb6 13. Ng3 dxc4 14. Qe2 c3 15. Qc2
g6 16. Bg5 Nd5 17. Ne4 Qa3 18. Bf6 Rg8 19. Nxc3 Nxc3 20. Qxc3 Be7 21. Rfd1 O-O-O
22. Qc4 Rd5 23. Ng5 Rf8 24. g3 Qb4 25. a3 Qb6 26. Bxe7 Nxe7 27. Rd3 Nf5 28. Rad1
Rd7 29. d5 exd5 30. Rxd5 Rxd5 31. Rxd5 Nxg3 32. Rd3 Nf5 33. Nxf7 Kb8 34. e6 a6
35. Rd7 Re8 36. Ng5 Ka7 37. b4 Qb5 38. Qe4 Re7 39. Nf7 c5 40. Rxe7 Nxe7 41. Nd6
Qb6 42. bxc5 Qb2 43. Kg2 Qb3 44. Qb4 Qd5+ 45. f3 Qc6 46. a4 Nd5 47. Qe4 Qxc5 48.
e7 Qxd6 49. e8=Q Nf4+ 50. Kg3 Ne2+ 51. Kf2 Nd4 52. Q8e5 1-0

[Event "Olimpiade 2024 - Donne"]
[Site "Budapest"]
[Date "15.09.2024"]
[Round "5.15"]
[Board "2"]
[White "Vo, Thi Kim Phung"]
[Black "Skvortsova, Alena"]
[Result "1-0"]
[WhiteTitle "WGM"]
[BlackTitle "WFM"]
[WhiteElo "2320"]
[BlackElo "2179"]
[WhiteTeam "Vietnam"]
[BlackTeam "Montenegro"]
[WhiteFideId "12401838"]
[BlackFideId "24166251"]
[EventDate "2024.09.11"]

1. d4 d5 2. c4 c5 3. cxd5 Nf6 4. dxc5 Qxd5 5. Qxd5 Nxd5 6. e4 Nb4 7. Na3 e5 8.
Bd2 N8a6 9. Rc1 Bd7 10. Nf3 f6 11. Bc4 Bxc5 12. O-O Ke7 13. Nb1 b5 14. a3 bxc4
15. axb4 Bxb4 16. Bxb4+ Nxb4 17. Rxc4 a5 18. Nc3 Rhc8 19. Rxc8 Rxc8 20. Ra1 a4
21. Ne1 Ra8 22. f3 Kd6 23. Kf2 Kc5 24. Ke3 Kc4 25. Ra3 Bc6 26. Nb1 Rd8 27. Rc3+
Kb5 28. Na3+ Kb6 29. Rc4 Ka5 30. Nec2 Nxc2+ 31. Rxc2 Bb5 32. Nxb5 Kxb5 33. Rc7
Kb4 34. Rxg7 Kb3 35. Rb7+ Kc2 36. Kf2 Rd3 37. Rb4 Rd4 38. Rb6 Rd1 39. Kg3 Rd3
40. Rb4 Rd4 41. Rb7 Rd3 42. Kg4 Rb3 43. Ra7 Rb4 44. Kf5 Kxb2 45. Kxf6 a3 46.
Kxe5 a2 47. Kf6 Rb3 48. Rxa2+ Kxa2 49. e5 h5 50. h4 Re3 51. e6 Kb3 52. e7 Kc4
53. Kf7 Kd5 54. e8=Q Rxe8 55. Kxe8 Ke6 56. g3 Kf6 57. Kf8 Kg6 58. Ke7 Kh6 59.
Kf6 Kh7 60. Kg5 1-0

[Event "Olimpiade 2024 - Donne"]
[Site "Budapest"]
[Date "15.09.2024"]
[Round "5.15"]
[Board "3"]
[White "Milovic, Aleksandra"]
[Black "Luong Phuong Hanh"]
[Result "0-1"]
[WhiteTitle "WIM"]
[BlackTitle "WIM"]
[WhiteElo "2121"]
[BlackElo "2225"]
[WhiteTeam "Montenegro"]
[BlackTeam "Vietnam"]
[WhiteFideId "933988"]
[BlackFideId "12401013"]
[EventDate "2024.09.11"]

1. e4 c5 2. Nf3 g6 3. c4 Nc6 4. d4 cxd4 5. Nxd4 Nf6 6. Nc3 d6 7. Be2 Nxd4 8.
Qxd4 Bg7 9. Be3 O-O 10. Qd2 a5 11. f3 a4 12. O-O Bd7 13. Rad1 Bc6 14. c5 dxc5
15. Bxc5 Nd7 16. Qe3 Re8 17. Bb4 Qb6 18. Qxb6 Nxb6 19. Nb5 Bxb5 20. Bxb5 Rec8
21. b3 axb3 22. axb3 Bf6 23. f4 e6 24. Rf3 Rc2 25. Rf2 Rcc8 26. g3 Bc3 27. Be7
f5 28. exf5 gxf5 29. Re2 Kf7 30. Bh4 Ra1 31. Rxa1 Bxa1 32. Rd2 Rc5 33. Bf1 Rc1
34. Kf2 Bc3 35. Rd6 Bb4 36. Rd3 Bc5+ 37. Kg2 Nd5 38. Be2 Rc2 39. Kf1 Ne3+ 40.
Ke1 Bb4+ 41. Kf2 Ng4+ 42. Kf1 Nxh2+ 43. Kf2 Kg6 44. Bd8 Rb2 45. Bb6 Ng4+ 46. Kf1
Nf6 47. Bd4 Rb1+ 48. Kg2 Ne4 49. Bf3 Rc1 50. g4 Rc2+ 51. Kg1 Nd2 52. gxf5+ Kxf5
53. Bxb7 Rc7 54. Bg2 Rd7 55. Kf2 Ne4+ 56. Ke3 Nf6 57. Bh3+ Ng4+ 58. Bxg4+ Kxg4
59. Ke4 h5 60. Rd1 h4 61. Rg1+ Kh3 62. Kf3 Kh2 63. Rd1 Rd5 64. Bg1+ Kh3 65. Rxd5
exd5 66. Bd4 Kh2 67. f5 h3 68. f6 Bf8 69. Kf2 Bb4 70. Be5+ Kh1 71. Bc7 Bc5+ 72.
Kf1 d4 73. Bd8 d3 74. Be7 d2 75. Ke2 Kg2 76. Bxc5 h2 77. Kxd2 h1=Q 78. Be7 Qh3
79. b4 Qb3 80. Ke2 Qc3 81. b5 Qe5+ 82. Kd3 Qxb5+ 83. Ke4 Kg3 84. Kd4 Kf3 0-1

[Event "Olimpiade 2024 - Donne"]
[Site "Budapest"]
[Date "15.09.2024"]
[Round "5.15"]
[Board "4"]
[White "Bach Ngoc Thuy Duong"]
[Black "Koljevic, Nikolina"]
[Result "1-0"]
[WhiteTitle "WIM"]
[BlackTitle "WFM"]
[WhiteElo "2214"]
[BlackElo "2030"]
[WhiteTeam "Vietnam"]
[BlackTeam "Montenegro"]
[WhiteFideId "12408956"]
[BlackFideId "16503945"]
[EventDate "2024.09.11"]

1. d4 Nf6 2. c4 e6 3. Nc3 Bb4 4. Nf3 O-O 5. Bg5 d5 6. e3 Nbd7 7. Rc1 b6 8. cxd5
exd5 9. Bb5 Bb7 10. Ne5 Nb8 11. O-O h6 12. Bh4 Be7 13. Qb3 a6 14. Be2 Qd6 15.
Bg3 Qb4 16. Qc2 Bd8 17. Bf3 c5 18. Nd3 Qa5 19. Bd6 c4 20. b4 cxd3 21. Qb2 1-0

[Event "Olimpiade 2024 - Donne"]
[Site "Budapest"]
[Date "15.09.2024"]
[Round "5.16"]
[Board "1"]
[White "Kosteniuk, Alexandra"]
[Black "Terao, Juliana Sayumi"]
[Result "1-0"]
[WhiteTitle "GM"]
[BlackTitle "FM"]
[WhiteElo "2483"]
[BlackElo "2161"]
[WhiteTeam "Switzerland"]
[BlackTeam "Brazil"]
[WhiteFideId "4128125"]
[BlackFideId "2109220"]
[EventDate "2024.09.11"]

1. e4 e5 2. Nf3 Nc6 3. Bc4 Nf6 4. d3 Bc5 5. a4 a5 6. Nc3 d6 7. Be3 Bxe3 8. fxe3
O-O 9. Qe2 Be6 10. O-O-O Bxc4 11. dxc4 Qc8 12. Rhg1 Nb4 13. g4 Nd7 14. g5 Nc5
15. Rg3 Qe6 16. h4 c6 17. Nh2 Rad8 18. Ng4 Kh8 19. h5 f5 20. gxf6 gxf6 21. Nh6
f5 22. Nxf5 b6 23. Rdg1 Nxe4 24. Qg4 1-0

[Event "Olimpiade 2024 - Donne"]
[Site "Budapest"]
[Date "15.09.2024"]
[Round "5.16"]
[Board "2"]
[White "Librelato, Kathie Goulart"]
[Black "Georgescu, Lena"]
[Result "0-1"]
[WhiteTitle "WIM"]
[BlackTitle "FM"]
[WhiteElo "2181"]
[BlackElo "2266"]
[WhiteTeam "Brazil"]
[BlackTeam "Switzerland"]
[WhiteFideId "2153963"]
[BlackFideId "1331973"]
[EventDate "2024.09.11"]

1. e4 e5 2. Nf3 Nc6 3. Bb5 a6 4. Ba4 b5 5. Bb3 Na5 6. O-O d6 7. d4 exd4 8. Re1
Nxb3 9. axb3 c5 10. c3 Bb7 11. cxd4 Nf6 12. Nh4 g6 13. Nc3 Bg7 14. e5 dxe5 15.
Bg5 Qxd4 16. Qxd4 cxd4 17. Rxe5+ Kf8 18. Na2 Ne4 19. Re7 Rb8 20. Rxe4 Bxe4 21.
Nb4 h6 22. Bd2 Kg8 23. Nxa6 Ra8 24. Ra3 Kh7 25. Nc5 Bd5 26. g3 Rhc8 27. b4 Rxa3
28. bxa3 Re8 29. Ng2 g5 30. Nd3 Re2 31. Bc1 Ra2 32. Nge1 Re2 33. Kf1 Re8 34. f3
Kg6 35. Kf2 Bc4 36. h4 f5 37. hxg5 hxg5 38. Bd2 Bf6 39. Bc1 Re7 40. Bd2 Rh7 41.
Kg2 Ra7 42. Bc1 Re7 43. Kf2 Kf7 44. Bd2 Ke8 45. Bc1 Kd7 46. Bb2 Kc6 47. Nc1 Kd5
48. Kg2 0-1

[Event "Olimpiade 2024 - Donne"]
[Site "Budapest"]
[Date "15.09.2024"]
[Round "5.16"]
[Board "4"]
[White "Tamarozi, Isabelle"]
[Black "Hryzlova, Sofiia"]
[Result "0-1"]
[BlackTitle "WIM"]
[WhiteElo "2059"]
[BlackElo "2188"]
[WhiteTeam "Brazil"]
[BlackTeam "Switzerland"]
[WhiteFideId "2132400"]
[BlackFideId "14174669"]
[EventDate "2024.09.11"]

1. e4 e6 2. d4 d5 3. exd5 exd5 4. c4 Nf6 5. Nf3 Bb4+ 6. Bd2 Qe7+ 7. Be2 O-O 8.
O-O dxc4 9. Bxc4 Bg4 10. Bg5 Nbd7 11. a3 Ba5 12. Nc3 c6 13. Qd3 Qd6 14. Rad1 Bc7
15. g3 Nb6 16. Ba2 Nbd5 17. Bb1 g6 18. Ba2 Kg7 19. Rfe1 a5 20. Re5 Nxc3 21. bxc3
Qxa3 22. Qe3 Ng8 23. Re7 Nxe7 24. Bxe7 Qxa2 25. d5 Rfe8 26. Re1 Qxd5 27. Nd4 Bd6
28. f3 Rxe7 0-1

[Event "Olimpiade 2024 - Donne"]
[Site "Budapest"]
[Date "15.09.2024"]
[Round "5.17"]
[Board "1"]
[White "Brunello, Marina"]
[Black "Mendoza, Shania Mae"]
[Result "1-0"]
[WhiteTitle "IM"]
[BlackTitle "WFM"]
[WhiteElo "2348"]
[BlackElo "2013"]
[WhiteTeam "Italy"]
[BlackTeam "Philippines"]
[WhiteFideId "822590"]
[BlackFideId "5211158"]
[EventDate "2024.09.11"]

1. e4 c5 2. Nf3 g6 3. c4 Nc6 4. d4 cxd4 5. Nxd4 Nf6 6. Nc3 Nxd4 7. Qxd4 d6 8.
Be3 Bg7 9. Be2 O-O 10. Qd2 Be6 11. O-O Qa5 12. Rac1 Rfc8 13. b3 a6 14. f4 b5 15.
f5 Bd7 16. Bg5 b4 17. Bxf6 bxc3 18. Bxc3 Qc5+ 19. Kh1 a5 20. Bxg7 Kxg7 21. Rc3
f6 22. Rh3 g5 23. e5 Bc6 24. exf6+ exf6 25. Bf3 Bxf3 26. Rhxf3 a4 27. Rd3 axb3
28. axb3 Re8 29. h3 Ra6 30. Rd5 Qa3 31. Rb5 Re7 32. Rd1 h5 33. c5 dxc5 34. Qd8
c4 35. Rb8 Kh6 36. Qh8+ Rh7 37. Qxh7+ Kxh7 38. Rd7+ 1-0

[Event "Olimpiade 2024 - Donne"]
[Site "Budapest"]
[Date "15.09.2024"]
[Round "5.17"]
[Board "3"]
[White "Gueci, Tea"]
[Black "Fronda, Jan Jodilyn"]
[Result "1/2-1/2"]
[WhiteTitle "WIM"]
[BlackTitle "WIM"]
[WhiteElo "2199"]
[BlackElo "2165"]
[WhiteTeam "Italy"]
[BlackTeam "Philippines"]
[WhiteFideId "872342"]
[BlackFideId "5204585"]
[EventDate "2024.09.11"]

1. e4 c5 2. Nf3 d6 3. d4 cxd4 4. Nxd4 Nf6 5. Nc3 g6 6. Be3 a6 7. f3 b5 8. a4 b4
9. Na2 e5 10. Nb3 d5 11. exd5 Nxd5 12. Bf2 Nc6 13. Bd3 Be6 14. O-O Qg5 15. h4
Qd8 16. Qe1 Bg7 17. Nc5 Qc8 18. Be4 Rb8 19. Rd1 Nde7 20. Nxe6 Qxe6 21. Nc1 f5
22. Bd3 Na5 23. Nb3 Nxb3 24. cxb3 Qxb3 25. Qe2 e4 26. Bxa6 Qxb2 27. Bb5+ Kf8 28.
Rd2 Qe5 29. fxe4 Bf6 30. Bd4 Qe6 31. Bxf6 Qxf6 32. exf5 gxf5 33. Qc4 Rg8 34.
Qxb4 Kf7 35. Re1 Rgd8 36. Rde2 Nd5 37. Qb2 Qxh4 38. Qe5 Nf6 39. Qxf5 Rb7 40. Rf1
Kg7 41. Qf2 Qxf2+ 42. Rexf2 Ng4 43. Re2 Rd6 44. Rfe1 Kf6 45. Re4 h5 46. Be2 Kg5
47. a5 Rb2 48. Ra1 Rdd2 49. Bf1 Ra2 50. Ree1 Kf4 51. a6 Kg3 52. Rxa2 Rxa2 53.
Be2 Ne3 54. Bf3 Nxg2 55. Bxg2 Rxg2+ 56. Kh1 Ra2 57. Re3+ Kf4 58. Re6 Kg3 59.
Re3+ 1/2-1/2